Normal view
MARC view
- Edward B. Saff
Entry Personal Name
001 - CONTROL NUMBER
- control field: 27694
003 - CONTROL NUMBER IDENTIFIER
- control field: NUST
005 - DATE AND TIME OF LATEST TRANSACTION
- control field: 20200117095251.0
008 - FIXED-LENGTH DATA ELEMENTS
- fixed length control field: 200117|| aca||aabn | a|a d
040 ## - CATALOGING SOURCE
- Original cataloging agency: NUST
- Transcribing agency: NUST
100 ## - HEADING--PERSONAL NAME
- Personal name: Edward B. Saff
670 ## - SOURCE DATA FOUND
- Source citation: Work cat.: (NUST): Edward B. Saff, Fundamentals of Complex Analysis with Applications to Engineering, Science, and Mathematics, c2013
